000 00451nam a2200181Ia 4500
001 19797
005 20260306172719.0
008 260306t2009||||xx |||||||||||||| ||spa||
041 _aESP
082 _a341.1
_bJ73
100 _aMadrid Ramirez, Raúl (coord.)
_eAUT
245 0 _aJornadas internacionales de derecho natural
260 _c2009
300 _a750 páginas :
_c23 cm.
650 _aGEN
654 _aCDE
942 _cLIB
_dJUS
_fJUS
_2ddc
_n
999 _c19797
_d19797